<?xml version="1.0" encoding="UTF-8"?><?xml-stylesheet type="text/xsl" href="static/style.xsl"?><OAI-PMH xmlns="http://www.openarchives.org/OAI/2.0/" xmlns:xsi="http://www.w3.org/2001/XMLSchema-instance" xsi:schemaLocation="http://www.openarchives.org/OAI/2.0/ http://www.openarchives.org/OAI/2.0/OAI-PMH.xsd"><responseDate>2026-04-17T03:33:08Z</responseDate><request verb="GetRecord" identifier="oai:www.recercat.cat:2072/487620" metadataPrefix="marc">https://recercat.cat/oai/request</request><GetRecord><record><header><identifier>oai:recercat.cat:2072/487620</identifier><datestamp>2025-10-10T08:01:13Z</datestamp><setSpec>com_2072_98</setSpec><setSpec>col_2072_378192</setSpec></header><metadata><record xmlns="http://www.loc.gov/MARC21/slim" xmlns:dcterms="http://purl.org/dc/terms/" xmlns:xsi="http://www.w3.org/2001/XMLSchema-instance" xmlns:doc="http://www.lyncode.com/xoai" xsi:schemaLocation="http://www.loc.gov/MARC21/slim http://www.loc.gov/standards/marcxml/schema/MARC21slim.xsd">
   <leader>00925njm 22002777a 4500</leader>
   <datafield ind2=" " ind1=" " tag="042">
      <subfield code="a">dc</subfield>
   </datafield>
   <datafield ind2=" " ind1=" " tag="720">
      <subfield code="a">Islam, Mohammed A.</subfield>
      <subfield code="e">author</subfield>
   </datafield>
   <datafield ind2=" " ind1=" " tag="720">
      <subfield code="a">Steiger, Howard</subfield>
      <subfield code="e">author</subfield>
   </datafield>
   <datafield ind2=" " ind1=" " tag="720">
      <subfield code="a">Jiménez-Murcia, Susana</subfield>
      <subfield code="e">author</subfield>
   </datafield>
   <datafield ind2=" " ind1=" " tag="720">
      <subfield code="a">Israel, Mimi</subfield>
      <subfield code="e">author</subfield>
   </datafield>
   <datafield ind2=" " ind1=" " tag="720">
      <subfield code="a">Granero, Roser</subfield>
      <subfield code="e">author</subfield>
   </datafield>
   <datafield ind2=" " ind1=" " tag="720">
      <subfield code="a">Agüera, Zaida</subfield>
      <subfield code="e">author</subfield>
   </datafield>
   <datafield ind2=" " ind1=" " tag="720">
      <subfield code="a">Castro, Rita</subfield>
      <subfield code="e">author</subfield>
   </datafield>
   <datafield ind2=" " ind1=" " tag="720">
      <subfield code="a">Sánchez, Isabel</subfield>
      <subfield code="e">author</subfield>
   </datafield>
   <datafield ind2=" " ind1=" " tag="720">
      <subfield code="a">Riesco, Nadine</subfield>
      <subfield code="e">author</subfield>
   </datafield>
   <datafield ind2=" " ind1=" " tag="720">
      <subfield code="a">Menchón Magriñá, José Manuel</subfield>
      <subfield code="e">author</subfield>
   </datafield>
   <datafield ind2=" " ind1=" " tag="720">
      <subfield code="a">Fernández Aranda, Fernando</subfield>
      <subfield code="e">author</subfield>
   </datafield>
   <datafield ind2=" " ind1=" " tag="260">
      <subfield code="c">2015</subfield>
   </datafield>
   <datafield ind2=" " ind1=" " tag="520">
      <subfield code="a">This manuscript is part of the dissertation of MAI at the School of Psychology (Universitat de Barcelona)</subfield>
   </datafield>
   <datafield ind2=" " ind1=" " tag="520">
      <subfield code="a">Altres ajuts: Financial support was received from Fondo de Investigación Sanitaria (PI11/210; PI14/290). CIBER Fisiopatología de la Obesidad y Nutrición (CIBEROBN) and CIBER Salud Mental (CIBERSAM) are initiatives of Institutosalud Carlos III (ISCIII).</subfield>
   </datafield>
   <datafield ind2=" " ind1=" " tag="520">
      <subfield code="a">The study explored lifetime prevalence of non-suicidal self-injury (NSSI) in female and male individuals with eating disorders (ED) and compared ED symptoms, general psychopathology and personality traits across individuals with and without a history of NSSI. The incre- mental discriminative capacity of gender on the manifestation of lifetime NSSI was also studied. A total sample of 1649 consecutively ad- mitted ED patients (1515 women and 134men) participated in the current study [339 ED+NSSI (EDwith NSSI) and 1310 ED?NSSI (ED without NSSI)]. Specific self-report measures were included and other clinical and psychopathological indices. The observed lifetime prev- alence of NSSI was 20.6% (20.9% in women and 17.2% in men). NSSI was not associated with ED type or gender. However, ED+NSSI patients exhibited more impulsive behaviour, substance-abuse disorders and additional impulse-control disorders, were younger and had more previous treatments. Age was shown to affect the presentation of NSSI. Additionally, ED+NSSI patients exhibited more severe ED and general psychopathological symptoms and had more dysfunctional personality traits when compared with ED?NSSI. ED+NSSI was found to be positively associated with harm avoidance and self-transcendence but negatively with reward dependence, self-directedness and cooperativeness. Thus, the variables with stronger capacity to identify the presence of ED+NSSI were younger age, harm avoidance, self-directedness and self-transcendence. A lack of association between sex and ED subtype with the presence of NSSI was observed.</subfield>
   </datafield>
   <datafield ind1="8" ind2=" " tag="024">
      <subfield code="a">http://hdl.handle.net/2072/487620</subfield>
   </datafield>
   <datafield tag="653" ind2=" " ind1=" ">
      <subfield code="a">Anorexia nervosa</subfield>
   </datafield>
   <datafield tag="653" ind2=" " ind1=" ">
      <subfield code="a">Binge-eating disorders</subfield>
   </datafield>
   <datafield tag="653" ind2=" " ind1=" ">
      <subfield code="a">Bulimia nervosa</subfield>
   </datafield>
   <datafield tag="653" ind2=" " ind1=" ">
      <subfield code="a">Eating disorders</subfield>
   </datafield>
   <datafield tag="653" ind2=" " ind1=" ">
      <subfield code="a">Gender</subfield>
   </datafield>
   <datafield tag="653" ind2=" " ind1=" ">
      <subfield code="a">Non-suicidal self-injury</subfield>
   </datafield>
   <datafield tag="653" ind2=" " ind1=" ">
      <subfield code="a">Personality traits</subfield>
   </datafield>
   <datafield ind2="0" ind1="0" tag="245">
      <subfield code="a">Non-suicidal self-injury in different eating disorder types : relevance of personality traits and gender</subfield>
   </datafield>
</record></metadata></record></GetRecord></OAI-PMH>